Investigación de mercados en entornos digitales y convencionales: una visión integradora (Registro nro. 13478)
[ vista simple ]
| 000 -Cabecera | |
|---|---|
| Campo de control de longitud fija | 01020nam a22003617a 4500 |
| 005 - Fecha y hora de la última transacción | |
| Campo de control | 20240315154406.0 |
| 008 - Elementos de longitud fija--Información general | |
| Campo de control de longitud fija | 230227b2020 |||||||| |||| 00| 0 spa d |
| 020 ## - International Standard Book Number | |
| Número Internacional Estándar del Libro (ISBN) | 9788418415074 |
| 041 ## - Idioma | |
| Código de idioma | Español |
| 082 ## - Clasificación Decimal Dewey | |
| Número de clasificación | 658.83 V727i |
| 100 ## - Entrada principal--Autor personal | |
| Nombre personal | Villaverde Hernando, Silvia |
| 100 ## - Entrada principal--Autor personal | |
| Nombre personal | Monfort de Bedoya, Abel |
| 100 ## - Entrada principal--Autor personal | |
| Nombre personal | Merino Sanz, María Jesús |
| 245 ## - Título propiamente dicho | |
| Título | Investigación de mercados en entornos digitales y convencionales: una visión integradora |
| 260 ## - Pie de imprenta | |
| Lugar de publicación, distribución, etc. | España |
| 260 ## - Pie de imprenta | |
| Nombre del editor, distribuidor, etc. | ESIC |
| 260 ## - Pie de imprenta | |
| Fecha de publicación, distribución, etc. | 2020 |
| 300 ## - Descripción física | |
| Extensión | 166 páginas |
| 650 ## - Materia general | |
| Temática (materia general) | INVESTIGACIÓN DE MERCADOS |
| 650 ## - Materia general | |
| Temática (materia general) | DISEÑO DE LA INVESTIGACIÓN |
| 650 ## - Materia general | |
| Temática (materia general) | METODOLOGÍA CUALITATIVA |
| 650 ## - Materia general | |
| Temática (materia general) | METODOLOGÍA CUANTITATIVA |
| 650 ## - Materia general | |
| Temática (materia general) | METODOLOGÍA DIGITAL |
| 650 ## - Materia general | |
| Temática (materia general) | NEUROMARKETING |
| 650 ## - Materia general | |
| Temática (materia general) | NEUROCIENCIA |
| 650 ## - Materia general | |
| Temática (materia general) | CUESTIONARIO |
| 650 ## - Materia general | |
| Temática (materia general) | MUESTREO |
| 650 ## - Materia general | |
| Temática (materia general) | TRABAJO DE CAMPO |
| 650 ## - Materia general | |
| Temática (materia general) | ANÁLISIS DE DATOS |
| 650 ## - Materia general | |
| Temática (materia general) | ELABORACIÓN DEL INFORME |
| 942 ## - Punto de acceso adicional KOHA | |
| Tipo de ítem KOHA | Libro |
| Fuente del sistema de clasificación o colocación | Dewey Decimal Classification |
| Signatura completa | Código de barras | Programa Académico | Tipo de ítem |
|---|---|---|---|
| 658.83 V727i | 25644 | Dirección y Administración de Empresas | Libro |